Performance evaluation of select equity mutual funds with reference to anandrathi shares and stock brokers ltd Udupi / (Record no. 231316)
[ view plain ]
| 000 -LEADER | |
|---|---|
| fixed length control field | 00716nam a22001817a 4500 |
| 003 - CONTROL NUMBER IDENTIFIER | |
| control field | OSt |
| 005 - DATE AND TIME OF LATEST TRANSACTION | |
| control field | 20240625145312.0 |
| 008 - FIXED-LENGTH DATA ELEMENTS--GENERAL INFORMATION | |
| fixed length control field | 240625b ||||| |||| 00| 0 eng d |
| 040 ## - CATALOGING SOURCE | |
| Transcribing agency | AIMIT LIBRARY |
| 100 ## - MAIN ENTRY--PERSONAL NAME | |
| Personal name | Chandan, Rushali K. |
| Relator term | 2116145 |
| 9 (RLIN) | 171640 |
| 245 ## - TITLE STATEMENT | |
| Title | Performance evaluation of select equity mutual funds with reference to anandrathi shares and stock brokers ltd Udupi / |
| Statement of responsibility, etc. | By Rushali K Chandan ; Guided by Beena Dias. |
| 260 ## - PUBLICATION, DISTRIBUTION, ETC. | |
| Place of publication, distribution, etc. | Udupi ; |
| Date of publication, distribution, etc. | 2023. |
| 650 ## - SUBJECT ADDED ENTRY--TOPICAL TERM | |
| Topical term or geographic name entry element | Research methodology |
| 9 (RLIN) | 171641 |
| 650 ## - SUBJECT ADDED ENTRY--TOPICAL TERM | |
| Topical term or geographic name entry element | Data analysis and interpretation |
| 9 (RLIN) | 171642 |
| 700 ## - ADDED ENTRY--PERSONAL NAME | |
| Personal name | Dias, Beena. |
| Relator term | Guide |
| 9 (RLIN) | 171643 |
| 856 ## - ELECTRONIC LOCATION AND ACCESS | |
| Materials specified | Anandrathi Share and stock brokers ltd |
| Uniform Resource Identifier | <a href="www.anandrathi.com">www.anandrathi.com</a> |
| Link text | www.anandrathi.com |
| 942 ## - ADDED ENTRY ELEMENTS (KOHA) | |
| Source of classification or shelving scheme | Dewey Decimal Classification |
| Koha item type | Project Report |
| Withdrawn status | Lost status | Source of classification or shelving scheme | Damaged status | Not for loan | Collection code | Home library | Current library | Shelving location | Date acquired | Total Checkouts | Barcode | Date last seen | Copy number | Price effective from | Koha item type |
|---|---|---|---|---|---|---|---|---|---|---|---|---|---|---|---|
| Dewey Decimal Classification | Not for loan | Project Report MBA | St Aloysius Institute of Management & Information Technology | St Aloysius Institute of Management & Information Technology | Dissertations | 06/25/2024 | PRB02152 | 06/25/2024 | 2116145 | 06/25/2024 | Project Report |